000 00939nam a2200253 i 4500
001 bg
100 1 _aKAWULOK, Marian
245 1 0 _aOcena właściwości użytkowych budynków z uwagi na oddziaływania górnicze =
_bEstimation of buildings performance with respect to the mining actions /
_cMarian Kawulok.
260 _aWarszawa :
_bITB,
_c2000.
300 _a116 s. :
_brys., wykr. ;
_c24 cm.
490 1 _aPrace Naukowe Instytutu Techniki Budowlanej. Rozprawy =
_aScientific Paper of the Building Research Institute
500 _aStreszcz. pol., ang.
504 _aBibliogr. s. 108-116.
650 9 _aKonstrukcje budowlane
_xbadanie
650 9 _aSzkody górnicze
830 0 _aPrace Naukowe Instytutu Techniki Budowlanej.
_pRozprawy
020 _a8372900019
040 _cBPK
041 0 _apl
_ben
080 _a624.01/.07:622.83/.84
920 _a83-7290-001-9
942 _cKS
008 s pl f |000 0 pol
999 _c37282
_d37282
856 _uhttp://koha.tu.koszalin.pl/cgi-bin/koha/opac-detail.pl?biblionumber=37282
_yKatalog online BPK